| 000 | 00855nam a2200277 i 4500 | ||
|---|---|---|---|
| 001 | 18642 | ||
| 003 | ES-MaACL | ||
| 005 | 20230906151904.0 | ||
| 007 | t| | ||
| 008 | 020218s2001 sp ||||0| spa j | ||
| 020 | _a84-88306-63-6 | ||
| 040 |
_aM-BN _bspa _cM-BN |
||
| 080 | _a321.7(4-191.2) | ||
| 080 | _a321.7(4-11) | ||
| 245 | 0 | 3 |
_aLa Europa post-comunista / _cAlonso Alvarez de Toledo ... [et al.]. |
| 260 |
_aMadrid : _bFundación Cánovas del Castillo, _c[2001] |
||
| 300 |
_a196 p ; _c21 cm. |
||
| 490 | 1 | _aVeintiuno | |
| 650 | 1 | 4 |
_aDemocratización- _zEuropa central. _911581 |
| 650 | 1 | 4 |
_aDemocratización- _zEuropa oriental. _911583 |
| 700 | 1 |
_aAlvarez de Toledo, Alonso. _920780 |
|
| 710 | 2 |
_aFundación Cánovas del Castillo. _94244 |
|
| 830 | 0 |
_aVeintiuno _9180481 |
|
| 852 |
_aES-MaACL _jL-25217 _bR.130732 |
||
| 999 |
_c18642 _d18642 |
||